000 00661nam a2200205 a 4500
001 000011937
005 20240412074229.0
008 091102t1995 dr a 001 p spa d
040 _aDO-SdBNP
_bspa
_cBNPHU
082 _aRD861.44
_bO96s
100 1 _aOvalles, Pedro,
_d1957-
_923781
245 1 0 _aSiempre tú :
_bpoesía /
_cPedro Ovalles.
260 _aSanto Domingo :
_bTaller,
_c1995.
300 _a30 p. :
_bil. ;
_c17 cm.
500 _aIncluye datos biográficos del autor en la contracubierta.
590 _aInventariado, 2018/LP
650 0 _aPoesía dominicana
_966
650 0 _aLiteratura dominicana.
_967
910 _aValidado. Control de calidad EMS
999 _c11607
_d11607